000 01009nam a2200241 a 4500
001 000016947
005 20240307073946.0
008 100312s1987 dr r 000 0 spa d
040 _aDO-SdBNP
_bspa
_cBNPHU
082 _a378.7293
_bL258i
100 1 _aLandolfi, Ciriaco
_924264
245 1 3 _aEl imperio español versus la Universidad Santo Tómas de Aquino :
_b(memorias de una querella memorable) /
_cCiriaco Landolfi.
260 _aSanto Domingo :
_bUASD,
_c1987.
300 _a147 p. ;
_c22 cm.
490 1 _aPublicaciones de la Universidad Autónoma de Santo Domingo
_v589
490 1 _aHistoria y sociedad
_v80
500 _aIncluye datos biográficos del autor en la contracubierta
590 _aInventariado, 2018/BT
650 4 _aUniversidad santo tomás de aquino
_zRepública Dominicana
_xHistoria
_937465
710 1 _aUniversidad Autónoma de Santo Domingo
_972951
830 0 _aPublicaciones de la Universidad Autónoma de Santo Domingo
_n589
_937466
830 0 _aHistoria y sociedad
_n80
_937467
999 _c16479
_d16479